Hinyambaan (Registo nº 68170)

Detalhes MARC
000 -Etiqueta do registo
campo de controlo de comprimento fixo 00767nam a2200265 4500
001 - Identificador do registo
Campo de controlo 68170
010 ## - ISBN
Número (ISBN) 978-972-21-1972-6
021 ## - Nº depósito legal
Código do país Portugal
Número 269152/07
100 ## - Dados Gerais de Proc.
Dados gerais de processamento 20240221d2008 m||y0pory5003 ba
101 0# - Língua da publicação
Língua do texto, banda sonora, etc. Português
102 ## - País de Publicação
País de publicação Portugal
200 1# - Título
Título próprio Hinyambaan
Informação de outro título novela burlesca
Primeira menção de responsabilidade João Paulo Borges Coelho
210 #9 - Publicação, Distribuição
Lugar da edição, distribuição, etc. [Alfragide]
Nome do editor, distribuidor, etc. Caminho
Data da publicação, distribuição, etc. 2008
215 ## - Descrição física
Descrição física 103 p
225 2# - Colecção
Título próprio da colecção Outras margens
675 ## - CDU
Notação 821.134.3(679)-32"20"
Edição BN
Língua da edição Português
700 ## - Responsabilidade principal
Palavra de ordem Coelho
Outra parte do nome João Paulo Borges
Datas 1955-
Koha Internal Code 14534
801 #0 - Fonte de origem
País Portugal
Agência BN
Regras de catalogação RPC
090 ## - Números de controlo do sistema (Koha)
Número biblioitem do Koha (gerado automaticamente) 68170
942 ## - Elementos de entrada adicionados (Koha)
Tipo de item no Koha Monografias
Suprimido Disponível no OPAC
Exemplares
Removido (estado) Perdido (estado) Data de aquisição Origem do registo (biblioteca) (codificado) Código da organização que empresta ou é detentora (biblioteca) Código de barras Local Número de inventário Cota Data de empréstimo ou depósito Tipo de circulação (não pode ser emprestado) Tipo de item e material
Disponível Disponível 2024-02-21 Biblioteca Municipal Álvaro de Campos Biblioteca Municipal Álvaro de Campos BMTAV62667 Sala de Adultos 62667 R4 COE 2024-05-07 Normal Monografias